The warm valley people : (Registro nro. 1938)

000 -CABECERA
campo de control de longitud fija 01028nam a2200241 4500
005 - FECHA Y HORA DE LA ÚLTIMA TRANSACCIÓN
campo de control 20210725203001.0
008 - DATOS DE LONGITUD FIJA--INFORMACIÓN GENERAL
campo de control de longitud fija 210725s1988 gw |||fr|||| 001 0 eng d
020 ## - NÚMERO INTERNACIONAL ESTÁNDAR DEL LIBRO
ISBN 9187484064
040 ## - FUENTE DE LA CATALOGACIÓN
Centro catalogador/agencia de origen CENDOC CAAAP
Lengua de catalogación spa
Centro/agencia transcriptor CAAAP
041 ## - CÓDIGO DE LENGUA
Código de lengua del texto/banda sonora o título independiente eng
050 ## - SIGNATURA TOPOGRÁFICA DE LA BIBLIOTECA DEL CONGRESO
Número de clasificación HD 1903
Número de documento/Ítem S59
100 1# - ENTRADA PRINCIPAL--NOMBRE DE PERSONA
9 (RLIN) 1172
Nombre personal Skar, Harald O.
245 14 - MENCIÓN DE TÍTULO
Título The warm valley people :
Subtitulo duality and land reform among the quchua indians of highland Peru /
Mención de responsabilidad, etc. Harald O. Skar ; prefacio de Norman Long
250 ## - MENCIÓN DE EDICIÓN
Mención de edición 2da ed.
260 ## - PUBLICACIÓN, DISTRIBUCIÓN, ETC.
Lugar de publicación, distribución, etc. Göterborg:
Nombre del editor, distribuidor, etc. Etnografiska Museum,
Fecha de publicación, distribución, etc. 1988
300 ## - DESCRIPCIÓN FÍSICA
Extensión 350 p.
490 ## - MENCIÓN DE SERIE
Mención de serie (Etnologiska Studier ;
Volumen 40)
505 ## - NOTA DE CONTENIDO CON FORMATO
Nota de contenido con formato Contiene : Introduction --The situation of reform and of the Quechua Indian populaton in Peru -- Agrarian reform, history and comparisons -- The valleyand the Matapuquio community -- The Ayllu mobilization base -- Social change and future trends -- Appendix.
650 10 - PUNTO DE ACCESO ADICIONAL DE MATERIA--TÉRMINO DE MATERIA
9 (RLIN) 567
Término de materia o nombre geográfico como elemento de entrada Reforma agraria
Subdivisión geográfica Perú
650 20 - PUNTO DE ACCESO ADICIONAL DE MATERIA--TÉRMINO DE MATERIA
9 (RLIN) 270
Término de materia o nombre geográfico como elemento de entrada Etnografía
650 20 - PUNTO DE ACCESO ADICIONAL DE MATERIA--TÉRMINO DE MATERIA
9 (RLIN) 3049
Término de materia o nombre geográfico como elemento de entrada Indígenas quechua
Subdivisión geográfica Perú
942 ## - ELEMENTOS PERSONALIZADOS KOHA
Fuente del sistema de clasificación o colocación
Fecha de catalogación 23 -05 - 21
Tipo de ítem Koha Libros
Existencias
Fuente del sistema de clasificación o colocación Localización permanente Ubicación/localización actual Fecha de adquisición Número de inventario Total de préstamos Signatura LC Fecha visto por última vez Tipo de ítem Koha Número de copia
  CENTRO DE DOCUMENTACIÓN (CENDOC) CENTRO DE DOCUMENTACIÓN (CENDOC) 07/25/2021 004950   HD 1903 S59 07/25/2021 Libros  
  CENTRO DE DOCUMENTACIÓN (CENDOC) CENTRO DE DOCUMENTACIÓN (CENDOC) 08/04/2021 005062   HD 1903 S59 08/04/2021 Libros Ej. 2
Centro de Documentación CAAAP | AV. Manuel González Prada 626, Magdalena del Mar | (51-1) 4615223 Anexo 205 y 209 | cendoc@caaap.org.pe